LEADER 02106nam 2200565 a 450 001 9910458565103321 005 20200520144314.0 010 $a0-268-07964-1 035 $a(CKB)2560000000052402 035 $a(OCoLC)694144456 035 $a(CaPaEBR)ebrary10423294 035 $a(SSID)ssj0000485311 035 $a(PQKBManifestationID)11284824 035 $a(PQKBTitleCode)TC0000485311 035 $a(PQKBWorkID)10603452 035 $a(PQKB)11032344 035 $a(MiAaPQ)EBC3440970 035 $a(MdBmJHUP)muse9943 035 $a(Au-PeEL)EBL3440970 035 $a(CaPaEBR)ebr10423294 035 $a(EXLCZ)992560000000052402 100 $a20070510d2007 uy 0 101 0 $aeng 135 $aurcn||||||||| 181 $ctxt 182 $cc 183 $acr 200 10$aIreland now$b[electronic resource] $etales of change from the global island /$fWilliam Flanagan 210 $aNotre Dame, Ind. $cUniversity of Notre Dame Press$dc2007 215 $a1 online resource (287 p.) 300 $aBibliographic Level Mode of Issuance: Monograph 311 $a0-268-02886-9 320 $aIncludes bibliographical references (p. 275-278). 327 $aThere is no map of Ireland -- In the teeth of the tiger -- Strangers at home -- No traditions without change : listeners make the music -- Passing on the farms : from family to Euro-business -- Parish life : the job of keeping the faith in changing times -- The new Irish -- Global Ireland and places called home. 606 $aNational characteristics, Irish 607 $aIreland$xEconomic conditions 607 $aIreland$xSocial conditions 607 $aIreland$xSocial life and customs$y20th century 607 $aIreland$xSocial life and customs$y21st century 608 $aElectronic books. 615 0$aNational characteristics, Irish. 676 $a941.70824 700 $aFlanagan$b William G$g(William George),$f1942-$032179 801 0$bMiAaPQ 801 1$bMiAaPQ 801 2$bMiAaPQ 906 $aBOOK 912 $a9910458565103321 996 $aIreland now$92281584 997 $aUNINA LEADER 01319nas 2200421- 450 001 996359649003316 005 20230127213019.0 035 $a(DE-599)ZDB3040418-6 035 $a(OCoLC)1242434310 035 $a(CKB)4100000011435084 035 $a(CONSER)--2022230903 035 $a(EXLCZ)994100000011435084 100 $a20210309a19979999 s-- - 101 0 $aspa 135 $aur|n||||||||| 181 $ctxt$2rdacontent 182 $cc$2rdamedia 183 $acr$2rdacarrier 200 00$aEvidencia $eactualización en la práctica ambulatoria 210 1$aBuenos Aires (C1182ADK), Argentina :$cFundación MF 215 $a1 online resource 311 $a1667-5703 517 1 $aEvidencia en atención primaria 606 $aAmbulatory medical care$vPeriodicals 606 $aTraitement ambulatoire$vPériodiques 606 $aAmbulatory medical care$2fast$3(OCoLC)fst00806815 608 $aPeriodicals.$2fast 608 $aZeitschrift.$2gnd-content 615 0$aAmbulatory medical care 615 6$aTraitement ambulatoire 615 7$aAmbulatory medical care. 676 $a610 676 $a362.1205 712 02$aInstituto Universitario del Hospital Italiano de Buenos Aires, 906 $aJOURNAL 912 $a996359649003316 996 $aEvidência$92248440 997 $aUNISA